[Event "SV Dinslaken 1 - SG Porz 1"]
[Site "Oberliga NRW 2018/2019"]
[Date "2018.11.18"]
[Round "3.1"]
[White "Lutz, Christopher"]
[Black "Sielecki, Christof"]
[Result "1/2-1/2"]
[WhiteElo "2490"]
[BlackElo "2410"]
[PlyCount "40"]
[EventDate "2018.??.??"]
[WhiteTeam "SG Porz 1"]
[BlackTeam "SV Dinslaken 1"]

1. e4 e5 2. Nf3 Nf6 3. Nxe5 d6 4. Nf3 Nxe4 5. d4 d5 6. Bd3 Bd6 7. O-O O-O 8. c4
c6 9. Re1 Bf5 10. Qc2 Na6 11. a3 Bg6 12. Nc3 Nxc3 13. Bxg6 hxg6 14. Qxc3 dxc4
15. Qxc4 Qa5 16. Bd2 Qd5 17. Qxd5 cxd5 18. Rac1 Rac8 19. Kf1 f6 20. h4 Kf7
1/2-1/2

[Event "SV Dinslaken 1 - SG Porz 1"]
[Site "Oberliga NRW 2018/2019"]
[Date "2018.11.18"]
[Round "3.2"]
[White "Welzel, Philipp"]
[Black "Rotstein, Arkadij"]
[Result "1/2-1/2"]
[WhiteElo "2199"]
[BlackElo "2467"]
[Annotator "Daniel"]
[PlyCount "147"]
[EventDate "2018.??.??"]
[WhiteTeam "SV Dinslaken 1"]
[BlackTeam "SG Porz 1"]

1. d4 g6 2. e4 Bg7 3. c4 d6 4. Nc3 Nd7 5. Nf3 e5 6. Be2 Ne7 7. h4 h6 8. Be3
exd4 9. Nxd4 Nc5 10. Qd2 f5 11. exf5 Nxf5 12. Nxf5 Bxf5 13. Bd4 O-O 14. Bxg7
Kxg7 15. Qd4+ Qf6 16. Qxf6+ Rxf6 17. O-O-O $11 Re8 18. f3 a5 19. Kd2 c6 20. b3
Rf7 21. g4 Bc8 22. Rde1 Rfe7 23. Bd1 Rxe1 24. Rxe1 Rxe1 25. Kxe1 Kf6 26. Kd2
Ke5 27. Ke3 g5 28. hxg5 hxg5 29. Bc2 d5 30. cxd5 cxd5 31. Ne2 Bd7 32. Bh7 b5
33. Bg8 b4 34. Nd4 Na6 35. Bh7 Nc7 36. Bd3 Ne6 37. Ne2 d4+ 38. Kf2 Nf4 39. Nc1
Be8 40. Be4 Bb5 41. Bf5 Nd5 42. Bd3 Bd7 43. Be4 Nf4 44. Bd3 Be8 45. Kg3 Ne6 46.
Bc4 Nc5 47. Bd3 Bf7 48. Bf5 Bd5 49. Bd3 Ne6 50. Bf5 Nf4 51. Bd3 Kd6 52. Bf1 Bf7
53. Bd3 Nxd3 54. Nxd3 Bg6 55. Nb2 Kc5 56. f4 gxf4+ 57. Kxf4 Bb1 58. Nc4 a4 59.
Nd2 Bxa2 60. bxa4 b3 61. g5 b2 62. g6 Kb4 63. g7 Kc3 64. Nb1+ Bxb1 65. g8=Q Bf5
66. Qg3+ Kc4 67. Qg8+ Kc3 68. Qg3+ Bd3 69. Qe1+ Kc4 70. Qe6+ Kc3 71. Qe1+ Kc2
72. Ke5 b1=Q 73. Qxb1+ Kxb1 74. Kxd4 1/2-1/2

[Event "SV Dinslaken 1 - SG Porz 1"]
[Site "Oberliga NRW 2018/2019"]
[Date "2018.11.18"]
[Round "3.3"]
[White "Xu, Xianliang"]
[Black "Mundorf, Johannes"]
[Result "1-0"]
[WhiteElo "2464"]
[BlackElo "2169"]
[PlyCount "41"]
[EventDate "2018.??.??"]
[WhiteTeam "SG Porz 1"]
[BlackTeam "SV Dinslaken 1"]

1. Nf3 e6 2. c4 d5 3. b3 d4 4. Bb2 c5 5. b4 cxb4 6. Nxd4 b6 7. a3 bxa3 8. Nxa3
Nf6 9. e3 Bb7 10. Be2 Be7 11. f4 O-O 12. O-O Nc6 13. Nxc6 Bxc6 14. Nb5 Bxb5 15.
cxb5 Bb4 16. Bf3 Qxd2 17. Bxf6 gxf6 18. Bxa8 Qxe3+ 19. Kh1 Rxa8 20. Qg4+ Kh8
21. Qh5 1-0

[Event "SV Dinslaken 1 - SG Porz 1"]
[Site "Oberliga NRW 2018/2019"]
[Date "2018.11.18"]
[Round "3.4"]
[White "Ossig, Rainer"]
[Black "Malykin, Vitaly"]
[Result "0-1"]
[WhiteElo "2159"]
[BlackElo "2296"]
[Annotator "Daniel"]
[PlyCount "114"]
[EventDate "2018.??.??"]
[WhiteTeam "SV Dinslaken 1"]
[BlackTeam "SG Porz 1"]

1. Nf3 d5 2. g3 Nf6 3. Bg2 Nbd7 4. d4 b5 5. a4 b4 6. c3 e6 7. O-O c5 8. Nbd2
Bb7 9. c4 Be7 10. b3 O-O 11. Bb2 Rc8 12. Ne1 Ne4 13. Nxe4 dxe4 14. e3 f5 15.
Qe2 Qc7 16. Rd1 e5 17. d5 Nf6 18. Bh3 g6 19. Rd2 Rce8 20. Qd1 Bd6 21. Qa1 Bc8
22. Bg2 g5 23. Re2 Qf7 24. f3 exf3 25. Nxf3 Qh5 26. Ree1 $11 Nd7 27. Nd2 e4 28.
Rf2 Be5 29. Ref1 Bxb2 30. Qxb2 Ne5 31. Bxe4 Ng4 32. Bf3 Rxe3 33. Bxg4 Qxg4 34.
Rf3 Re2 35. R3f2 Rfe8 36. Qf6 f4 37. Qd6 Rxf2 38. Rxf2 Re1+ 39. Nf1 Bf5 40.
Qb8+ Kg7 41. Qxa7+ Kg6 42. Qxc5 Qd1 43. Qc6+ Kg7 44. d6 Bh3 45. Qf3 Qd4 46. Kh1
Bf5 47. Kg1 Bd3 48. h3 Rxf1+ 49. Kg2 Be4 50. Rxf1 Bxf3+ 51. Rxf3 Qd2+ 52. Rf2
Qxd6 53. gxf4 gxf4 54. a5 Qg6+ 55. Kh1 Qb1+ 56. Kh2 Qxb3 57. Rxf4 Qa2+ 0-1

[Event "SV Dinslaken 1 - SG Porz 1"]
[Site "Oberliga NRW 2018/2019"]
[Date "2018.11.18"]
[Round "3.5"]
[White "Pauly, Carlo"]
[Black "Borchert, Rene"]
[Result "1-0"]
[WhiteElo "2280"]
[BlackElo "2139"]
[Annotator "Daniel"]
[PlyCount "47"]
[EventDate "2018.??.??"]
[WhiteTeam "SG Porz 1"]
[BlackTeam "SV Dinslaken 1"]

1. Nf3 d5 2. c4 e6 3. d4 Nf6 4. Nc3 Bb4 5. cxd5 Qxd5 6. e3 O-O 7. Be2 Bxc3+ 8.
bxc3 Qa5 9. Qc2 c5 10. O-O Bd7 11. Ne5 Ba4 12. Qb2 Nbd7 13. Nxd7 Bxd7 14. c4
Bc6 $11 15. Qa3 Qxa3 16. Bxa3 Nd7 17. dxc5 Rfc8 18. Rab1 Rab8 19. Rb2 a6 20.
Rd1 Kf8 21. Rxd7 Bxd7 22. c6+ Ke8 23. cxd7+ Kxd7 24. f4 1-0

[Event "SV Dinslaken 1 - SG Porz 1"]
[Site "Oberliga NRW 2018/2019"]
[Date "2018.11.18"]
[Round "3.6"]
[White "Sonnenschein, Philipp"]
[Black "Fieberg, Samuel"]
[Result "1-0"]
[WhiteElo "2096"]
[BlackElo "2135"]
[PlyCount "103"]
[EventDate "2018.??.??"]
[WhiteTeam "SV Dinslaken 1"]
[BlackTeam "SG Porz 1"]

1. e4 g6 2. d4 Bg7 3. Nc3 c6 4. Nf3 d5 5. h3 dxe4 6. Nxe4 Nf6 7. Nxf6+ exf6 8.
Bc4 O-O 9. O-O a5 10. a4 Na6 11. Bf4 Nb4 12. Qd2 g5 13. Bg3 Bf5 14. Ne1 Re8 15.
f4 Be6 16. Bxe6 Rxe6 17. f5 Re8 18. c3 Nd5 19. Nd3 Bf8 20. Rae1 Kg7 21. h4 h6
22. hxg5 hxg5 23. Nf2 Rxe1 24. Qxe1 Qd7 25. Ng4 Re8 26. Qd2 Re4 27. Nf2 Re3 28.
Bh2 Qe8 29. Qd1 Re2 30. c4 Nb4 31. Be5 Rxe5 32. dxe5 Qxe5 33. Qg4 Bc5 34. Qf3
Nc2 35. Kh1 Nd4 36. Qe4 Qxf5 37. Qxf5 Nxf5 38. Ne4 Ne3 39. Nxc5 Nxf1 40. Nxb7
Nd2 41. Nxa5 Kf8 42. c5 Ne4 43. Nxc6 Nxc5 44. a5 Na6 45. b4 Ke8 46. b5 Kd7 47.
Nd4 Nc5 48. Kh2 Ne6 49. Nb3 Nc7 50. Nc5+ Kd6 51. b6 Nb5 52. a6 1-0

[Event "SV Dinslaken 1 - SG Porz 1"]
[Site "Oberliga NRW 2018/2019"]
[Date "2018.11.18"]
[Round "3.7"]
[White "Wagenknecht, Uwe"]
[Black "Bergmans, Dirk"]
[Result "1/2-1/2"]
[WhiteElo "2165"]
[BlackElo "2044"]
[PlyCount "51"]
[EventDate "2018.??.??"]
[WhiteTeam "SG Porz 1"]
[BlackTeam "SV Dinslaken 1"]

1. Nf3 d5 2. g3 Nf6 3. Bg2 Bf5 4. d3 e6 5. Nbd2 h6 6. O-O Be7 7. b3 O-O 8. Bb2
c6 9. c4 a5 10. a3 Na6 11. Qc2 Bh7 12. Bc3 b5 13. cxd5 cxd5 14. Qb2 b4 15. axb4
Nxb4 16. Ne5 Qb6 17. Bd4 Qb5 18. Rfc1 Rfc8 19. Rxc8+ Rxc8 20. Rc1 Qa6 21. Bh3
Ne8 22. Rxc8 Qxc8 23. Qc3 Qxc3 24. Bxc3 Nd6 25. Bd4 Nb7 26. Kf1 1/2-1/2

[Event "SV Dinslaken 1 - SG Porz 1"]
[Site "Oberliga NRW 2018/2019"]
[Date "2018.11.18"]
[Round "3.8"]
[White "Franke, Danny"]
[Black "Liard, Thibaud"]
[Result "0-1"]
[WhiteElo "1930"]
[BlackElo "2107"]
[Annotator "Daniel"]
[PlyCount "100"]
[EventDate "2018.??.??"]
[WhiteTeam "SV Dinslaken 1"]
[BlackTeam "SG Porz 1"]

1. d4 Nf6 2. Nf3 g6 3. g3 Bg7 4. Bg2 O-O 5. O-O c6 6. b3 d5 7. Bb2 a5 8. a3 a4
9. Nbd2 axb3 10. cxb3 Ne4 11. Ne5 Nxd2 12. Qxd2 Nd7 13. Nxd7 $11 Qxd7 14. Rfe1
Qc7 15. Rac1 Qb6 16. b4 Bf5 17. Rc5 Rfe8 18. Qf4 Qa7 19. h4 h5 20. Bf3 Bd7 21.
Kg2 Qb8 22. Qd2 e5 23. dxe5 Bxe5 24. e4 Bxb2 25. Qxb2 Qe5 26. Qxe5 Rxe5 27. Ra1
b6 28. Rc3 dxe4 29. Be2 b5 30. Rd1 Be8 31. f3 f5 32. Rd6 Kf8 33. Rd2 Ke7 34.
Kf2 e3+ 35. Rxe3 Rxe3 36. Kxe3 Rxa3+ 37. Kd4 Kd6 38. Rd3 Ra2 39. Ke3+ Kc7 40.
Rd2 Ra4 41. Rb2 Kb6 42. Bd1 Ra1 43. Be2 c5 44. bxc5+ Kxc5 45. Kf4 Ra6 46. g4
fxg4 47. fxg4 hxg4 48. Kxg4 Re6 49. Kg5 Rb6 50. h5 gxh5 0-1

[Event "Bahn-SC Wuppertal 1 - SF Gerresheim 1"]
[Site "Oberliga NRW 2018/2019"]
[Date "2018.11.18"]
[Round "3.1"]
[White "Dresen, Ulrich"]
[Black "Savchenko, Vyacheslav"]
[Result "0-1"]
[WhiteElo "2196"]
[BlackElo "2350"]
[PlyCount "44"]
[EventDate "2018.??.??"]
[WhiteTeam "SF Gerresheim 1"]
[BlackTeam "Bahn-SC Wuppertal 1"]

1. d4 Nf6 2. Nf3 e6 3. c3 c5 4. Bg5 h6 5. Bxf6 Qxf6 6. d5 exd5 7. Qxd5 Nc6 8.
Na3 Be7 9. e4 d6 10. Bb5 O-O 11. O-O Qg6 12. Rfe1 a6 13. Bc4 Bh3 14. g3 Rad8
15. Qd3 Kh8 16. Bd5 f5 17. Nc4 f4 18. Kh1 b5 19. Ncd2 c4 20. Qe2 Ne5 21. Rg1
Qh5 22. Nd4 f3 0-1

[Event "Bahn-SC Wuppertal 1 - SF Gerresheim 1"]
[Site "Oberliga NRW 2018/2019"]
[Date "2018.11.18"]
[Round "3.2"]
[White "Biriukov, Nikolai"]
[Black "Volkov, Mykyta"]
[Result "1/2-1/2"]
[WhiteElo "2359"]
[BlackElo "2138"]
[PlyCount "82"]
[EventDate "2018.??.??"]
[WhiteTeam "Bahn-SC Wuppertal 1"]
[BlackTeam "SF Gerresheim 1"]

1. Nf3 Nf6 2. c4 e6 3. g3 d5 4. Bg2 Be7 5. O-O O-O 6. d4 dxc4 7. Ne5 Nc6 8.
Bxc6 bxc6 9. Nxc6 Qe8 10. Nxe7+ Qxe7 11. Qa4 e5 12. dxe5 Qxe5 13. Nc3 Ne4 14.
Qxc4 Nxc3 15. bxc3 Be6 16. Qd3 Rfd8 17. Qe3 Qxe3 18. Bxe3 Bc4 19. Rfb1 Bxe2 20.
Rb7 a6 21. Rxc7 Bf3 22. h3 h5 23. Rc1 Rab8 24. g4 hxg4 25. hxg4 Rb2 26. Kh2 Rd1
27. Rxd1 Bxd1 28. a3 Rb3 29. Bc1 Be2 30. Rc8+ Kh7 31. g5 Rb1 32. Be3 Rb3 33.
Bc1 Rb1 34. Bf4 Kg6 35. Rc7 Rb3 36. Bc1 Rb1 37. Be3 Rb3 38. Rc6+ Kf5 39. Rc7
Kg6 40. Rc6+ Kf5 41. Rc7 Kg6 1/2-1/2

[Event "Bahn-SC Wuppertal 1 - SF Gerresheim 1"]
[Site "Oberliga NRW 2018/2019"]
[Date "2018.11.18"]
[Round "3.3"]
[White "Liedmann, Dennis"]
[Black "Savchenko, Aleksij"]
[Result "1-0"]
[WhiteElo "2137"]
[BlackElo "2284"]
[PlyCount "91"]
[EventDate "2018.??.??"]
[WhiteTeam "SF Gerresheim 1"]
[BlackTeam "Bahn-SC Wuppertal 1"]

1. d4 Nf6 2. Nf3 g6 3. Bf4 Bg7 4. e3 d6 5. Be2 O-O 6. h3 Nbd7 7. O-O Qe8 8. Bh2
e5 9. c4 Qe7 10. Nc3 e4 11. Nd2 c6 12. Qb3 Rd8 13. Qc2 Re8 14. b4 h5 15. a4 Nf8
16. a5 N8h7 17. c5 d5 18. a6 bxa6 19. Bd6 Qd8 20. Qa4 Bxh3 21. gxh3 Qd7 22. Kg2
Ng5 23. Rh1 Rac8 24. h4 Ngh7 25. Nf1 Bh6 26. Ng3 Qe6 27. Bxa6 Ng4 28. Nd1 Qf6
29. Be2 Nf8 30. Bxf8 Rxf8 31. Bxg4 hxg4 32. Kf1 Rb8 33. Ke1 Rb7 34. Rb1 Rfb8
35. h5 g5 36. Qa6 Qe6 37. b5 Rxb5 38. Rxb5 Rxb5 39. Kd2 Bf8 40. Kc2 Bxc5 41.
dxc5 d4 42. Kd2 d3 43. h6 Kh7 44. Qa4 Kh8 45. Qd4+ f6 46. Qd8+ 1-0

[Event "Bahn-SC Wuppertal 1 - SF Gerresheim 1"]
[Site "Oberliga NRW 2018/2019"]
[Date "2018.11.18"]
[Round "3.4"]
[White "Bashilin, Roman"]
[Black "Van Lanen, Toon"]
[Result "1-0"]
[WhiteElo "2218"]
[BlackElo "2141"]
[PlyCount "67"]
[EventDate "2018.??.??"]
[WhiteTeam "Bahn-SC Wuppertal 1"]
[BlackTeam "SF Gerresheim 1"]

1. e4 c5 2. Nf3 Nc6 3. Bb5 Nd4 4. Nxd4 cxd4 5. O-O a6 6. Bc4 e6 7. a4 d5 8.
exd5 exd5 9. Bd3 Bc5 10. Re1+ Kf8 11. b4 Bxb4 12. c3 Bd6 13. Ba3 Nf6 14. cxd4
Be6 15. Qb3 Rb8 16. Bc5 Qe7 17. Qb4 Bxc5 18. dxc5 Nd7 19. Qf4 Qf6 20. Qd6+ Qe7
21. Qg3 g6 22. Nc3 Qxc5 23. Rac1 Kg7 24. Ne2 Qb6 25. Nf4 Rhc8 26. Rb1 Qc6 27.
h4 Nf8 28. Nh5+ Kg8 29. Nf6+ Kh8 30. Qe5 Qc7 31. Qb2 d4 32. Qxd4 Rd8 33. Qb2
Qf4 34. Nd5+ 1-0

[Event "Bahn-SC Wuppertal 1 - SF Gerresheim 1"]
[Site "Oberliga NRW 2018/2019"]
[Date "2018.11.18"]
[Round "3.5"]
[White "Koehler, Markus"]
[Black "Ries, Benjamin"]
[Result "0-1"]
[WhiteElo "2085"]
[BlackElo "2261"]
[PlyCount "80"]
[EventDate "2018.??.??"]
[WhiteTeam "SF Gerresheim 1"]
[BlackTeam "Bahn-SC Wuppertal 1"]

1. c4 c6 2. g3 d5 3. Bg2 Nf6 4. d4 dxc4 5. Nf3 g6 6. O-O Bg7 7. Ne5 Ng4 8. f4
Nxe5 9. fxe5 Qb6 10. e3 Na6 11. Na3 Be6 12. Qc2 Nb4 13. Qc3 Nd5 14. Qc2 Nb4 15.
Qc3 Nd5 16. Qc2 Rc8 17. Nxc4 Qa6 18. Na3 c5 19. Qe4 O-O 20. Bd2 Rfd8 21. Rfc1
Qe2 22. Nc4 Qh5 23. Bf3 Bf5 24. Qxd5 Rxd5 25. Bxh5 gxh5 26. Bc3 Bh6 27. Bd2 Bg7
28. Bc3 b5 29. Na5 Bh6 30. Bd2 cxd4 31. Rxc8+ Bxc8 32. Nc6 Rd7 33. Kf2 Bb7 34.
Rc1 dxe3+ 35. Bxe3 Bxe3+ 36. Kxe3 Rc7 37. Nxe7+ Rxe7 38. Kf4 Kg7 39. Rc5 a6 40.
Kg5 Rxe5+ 0-1

[Event "Bahn-SC Wuppertal 1 - SF Gerresheim 1"]
[Site "Oberliga NRW 2018/2019"]
[Date "2018.11.18"]
[Round "3.6"]
[White "Khanukov, Boris"]
[Black "Sapkowski, Wieslaw"]
[Result "1-0"]
[WhiteElo "2171"]
[BlackElo "2027"]
[PlyCount "119"]
[EventDate "2018.??.??"]
[WhiteTeam "Bahn-SC Wuppertal 1"]
[BlackTeam "SF Gerresheim 1"]

1. d4 d5 2. c4 c6 3. Nf3 Nf6 4. e3 e6 5. Nc3 Nbd7 6. Be2 dxc4 7. Bxc4 b5 8. Bd3
Bb7 9. e4 a6 10. e5 Nd5 11. Nxd5 cxd5 12. O-O Be7 13. a4 b4 14. a5 Bc6 15. Qe2
Nb8 16. Nd2 Qd7 17. f4 g6 18. Nf3 Bb5 19. g4 Bxd3 20. Qxd3 Qb5 21. Qxb5+ axb5
22. Nd2 Kd7 23. Nb3 Na6 24. Be3 Rhc8 25. Rf2 Rc4 26. f5 gxf5 27. gxf5 Rg8+ 28.
Kh1 Rg4 29. fxe6+ fxe6 30. Rg1 Rxg1+ 31. Kxg1 Ke8 32. Kf1 Rc8 33. Rg2 Kf7 34.
Bg5 Bf8 35. h4 Rc6 36. Rf2+ Ke8 37. Ke1 Rc7 38. Rf6 Rc6 39. Kd2 Bg7 40. Rf1 Bf8
41. Kd3 Rc7 42. Bf6 Rc6 43. Rg1 Kf7 44. Bd8 Rc8 45. Bb6 Rc6 46. h5 Rc8 47. Rf1+
Ke8 48. Rf6 Rc6 49. Bc5 Bg7 50. Rf1 Bxe5 51. Rf8+ Kd7 52. Rf7+ Kc8 53. dxe5
Nxc5+ 54. Nxc5 Rxc5 55. a6 Kb8 56. Rxh7 Rc4 57. h6 Rh4 58. Rb7+ Ka8 59. h7 d4
60. Rg7 1-0

[Event "Bahn-SC Wuppertal 1 - SF Gerresheim 1"]
[Site "Oberliga NRW 2018/2019"]
[Date "2018.11.18"]
[Round "3.7"]
[White "Yilmaz, Ahmet"]
[Black "Savchenko, Daniel"]
[Result "1-0"]
[WhiteElo "1844"]
[BlackElo "2105"]
[PlyCount "137"]
[EventDate "2018.??.??"]
[WhiteTeam "SF Gerresheim 1"]
[BlackTeam "Bahn-SC Wuppertal 1"]

1. e4 c5 2. Nf3 e6 3. d3 d5 4. Nbd2 Nf6 5. g3 b5 6. Bg2 Bb7 7. O-O Be7 8. e5
Nfd7 9. Re1 Nc6 10. Nf1 Qc7 11. Bf4 Rc8 12. h4 d4 13. a3 Nb6 14. N1h2 O-O 15.
Ng5 Bxg5 16. hxg5 Ne7 17. Qh5 Bxg2 18. Kxg2 Nbd5 19. Ng4 Ng6 20. Re4 f5 21.
gxf6 gxf6 22. Bd2 f5 23. Nh6+ Kh8 24. Ree1 f4 25. Re4 Qg7 26. Ng4 Qb7 27. Kh2
Rf5 28. Qh6 Rcf8 29. Rh1 fxg3+ 30. Kxg3 Rf3+ 31. Kg2 Qf7 32. Rf1 Qf5 33. Bg5
Rg8 34. Rh1 Qf7 35. Kg1 Rf5 36. Kf1 Ne3+ 37. Nxe3 Rxf2+ 38. Ke1 dxe3 39. Bf6+
Rxf6 40. exf6 Nf8 41. Rf1 Rg2 42. Rxe3 Nd7 43. Re2 Rg6 44. Qh4 e5 45. Rh2 c4
46. dxc4 bxc4 47. Rd2 c3 48. bxc3 Nf8 49. Qh2 Qc7 50. Rd3 Rg4 51. Qh6 Qb8 52.
Qh3 Rg6 53. Kd2 e4 54. Rd4 Rg3 55. Qh6 e3+ 56. Kc1 e2 57. Re1 Rg6 58. Qf4 Qc8
59. Qe5 Qxc3 60. f7+ Rg7 61. Rxe2 Qxa3+ 62. Kd2 Qf3 63. Rf4 Qc6 64. Qe7 Qd5+
65. Kc1 Qa8 66. Qe8 Rg1+ 67. Re1 Rxe1+ 68. Qxe1 Qb8 69. Rg4 1-0

[Event "Bahn-SC Wuppertal 1 - SF Gerresheim 1"]
[Site "Oberliga NRW 2018/2019"]
[Date "2018.11.18"]
[Round "3.8"]
[White "Tueckmantel, Rene"]
[Black "Finke, Tobias"]
[Result "0-1"]
[WhiteElo "2117"]
[BlackElo "1951"]
[PlyCount "78"]
[EventDate "2018.??.??"]
[WhiteTeam "Bahn-SC Wuppertal 1"]
[BlackTeam "SF Gerresheim 1"]

1. Nf3 Nf6 2. d4 e6 3. g3 c5 4. Bg2 Nc6 5. O-O Be7 6. c4 d6 7. Nc3 O-O 8. b3 a6
9. Bb2 Rb8 10. d5 exd5 11. cxd5 Na7 12. Qc2 Bg4 13. Nd2 Qd7 14. Rfe1 Nb5 15.
Nxb5 axb5 16. e4 Bh3 17. Bh1 Ng4 18. f3 Nh6 19. f4 Ng4 20. Nf3 f6 21. Rad1 Bd8
22. Bg2 Bxg2 23. Kxg2 Ra8 24. a3 Ba5 25. Re2 b4 26. a4 b5 27. axb5 Bc7 28. h3
Nh6 29. Qd3 Nf7 30. Nh4 Ra5 31. Nf5 Re8 32. Qf3 Nh8 33. Qg4 Kf8 34. Qh4 Qxf5
35. exf5 Rxe2+ 36. Kf1 Rxb2 37. g4 Raa2 38. g5 Rh2 39. Kg1 c4 0-1

[Event "SG Bochum 1 - SF Gerresheim 1"]
[Site "Oberliga NRW 2018/2019"]
[Date "2018.12.09"]
[Round "4.1"]
[White "Dresen, Ulrich"]
[Black "Friedmann, Rafael"]
[Result "1/2-1/2"]
[WhiteElo "2196"]
[BlackElo "2417"]
[PlyCount "30"]
[EventDate "2018.??.??"]
[WhiteTeam "SF Gerresheim 1"]
[BlackTeam "SG Bochum 1"]

1. d4 Nf6 2. Nf3 d5 3. Bf4 c6 4. e3 Bf5 5. c4 e6 6. Nc3 Nbd7 7. Qb3 Qb6 8. c5
Qxb3 9. axb3 a6 10. b4 Rc8 11. h3 Be7 12. Be2 O-O 13. O-O Bd8 14. Bd6 Re8 15.
Ne5 Nxe5 1/2-1/2

[Event "SG Bochum 1 - SF Gerresheim 1"]
[Site "Oberliga NRW 2018/2019"]
[Date "2018.12.09"]
[Round "4.2"]
[White "Kotainy, Jens"]
[Black "Volkov, Mykyta"]
[Result "1-0"]
[WhiteElo "2428"]
[BlackElo "2138"]
[PlyCount "57"]
[EventDate "2018.??.??"]
[WhiteTeam "SG Bochum 1"]
[BlackTeam "SF Gerresheim 1"]

1. d4 Nf6 2. Bf4 d5 3. e3 c5 4. Nc3 cxd4 5. exd4 a6 6. Nf3 Bg4 7. h3 Bxf3 8.
Qxf3 Nc6 9. O-O-O e6 10. g4 Qa5 11. g5 Nd7 12. Kb1 Rc8 13. h4 Nb6 14. Rh3 Na4
15. Nxa4 Qxa4 16. c3 g6 17. Re1 Qa5 18. h5 Bg7 19. Re3 O-O 20. Rh1 Rfd8 21. Bd3
Qb6 22. hxg6 hxg6 23. Re2 Qa5 24. Qh3 Kf8 25. Qh7 b5 26. Bxg6 b4 27. Bxf7 Kxf7
28. g6+ Kf8 29. Bh6 1-0

[Event "SG Bochum 1 - SF Gerresheim 1"]
[Site "Oberliga NRW 2018/2019"]
[Date "2018.12.09"]
[Round "4.3"]
[White "Liedmann, Dennis"]
[Black "Hendriks, Willy"]
[Result "0-1"]
[WhiteElo "2137"]
[BlackElo "2364"]
[PlyCount "74"]
[EventDate "2018.??.??"]
[WhiteTeam "SF Gerresheim 1"]
[BlackTeam "SG Bochum 1"]

1. d4 g6 2. Nf3 Bg7 3. Bf4 d6 4. e3 Nd7 5. h3 e5 6. Bh2 Qe7 7. Be2 Nh6 8. O-O
O-O 9. c4 f5 10. Nc3 c6 11. Rc1 Nf7 12. b4 a6 13. a4 g5 14. Re1 h5 15. dxe5
dxe5 16. Qb3 a5 17. bxa5 Rxa5 18. Nd2 g4 19. hxg4 hxg4 20. c5 Kh8 21. Qb4 Ra8
22. Nb3 Nf6 23. Na5 Nh5 24. Nc4 Qg5 25. Nb6 Rb8 26. Bc4 Nh6 27. Qa5 g3 28. fxg3
Ng4 29. Qa7 Nxh2 30. Kxh2 Qxg3+ 31. Kh1 e4 32. Ne2 Qh4+ 33. Kg1 Be5 34. Nxc8
Bh2+ 35. Kf1 f4 36. exf4 Rxf4+ 37. Nxf4 Ng3+ 0-1

[Event "SG Bochum 1 - SF Gerresheim 1"]
[Site "Oberliga NRW 2018/2019"]
[Date "2018.12.09"]
[Round "4.4"]
[White "Schlawin, Marlon"]
[Black "Van Lanen, Toon"]
[Result "1-0"]
[WhiteElo "2286"]
[BlackElo "2141"]
[Annotator "Daniel"]
[PlyCount "51"]
[EventDate "2018.??.??"]
[WhiteTeam "SG Bochum 1"]
[BlackTeam "SF Gerresheim 1"]

1. e4 c5 2. Nf3 Nc6 3. Bb5 Nd4 4. Nc3 a6 5. Bc4 e6 6. Nxd4 cxd4 7. Ne2 Bc5 8.
c3 d5 9. cxd4 Ba7 10. exd5 exd5 11. Bb3 Ne7 12. O-O Bg4 $11 13. h3 Bh5 14. d3
O-O 15. Be3 Nc6 16. Qd2 Bxe2 17. Qxe2 Nxd4 18. Bxd4 Bxd4 19. Qf3 Rc8 20. Bxd5
Rc2 21. Bxb7 Re8 22. Rac1 Rxb2 23. Rc8 Qe7 24. Rxe8+ Qxe8 25. Rc1 Rxf2 26. Qxf2
1-0

[Event "SG Bochum 1 - SF Gerresheim 1"]
[Site "Oberliga NRW 2018/2019"]
[Date "2018.12.09"]
[Round "4.5"]
[White "Selten, Jan"]
[Black "Koellner, Ruben Gideon"]
[Result "1/2-1/2"]
[WhiteElo "2070"]
[BlackElo "2203"]
[PlyCount "101"]
[EventDate "2018.??.??"]
[WhiteTeam "SF Gerresheim 1"]
[BlackTeam "SG Bochum 1"]

1. e4 d6 2. c4 Nf6 3. Nc3 c5 4. Nge2 Nc6 5. d4 cxd4 6. Nxd4 g6 7. Be2 Nxd4 8.
Qxd4 Bg7 9. Be3 O-O 10. Qd2 Qa5 11. O-O Re8 12. Rfd1 Bd7 13. Rac1 Bc6 14. f3
Rad8 15. b3 e6 16. Nb5 Qxd2 17. Rxd2 d5 18. e5 Nd7 19. f4 dxc4 20. Bxc4 a6 21.
Nd6 Rf8 22. Bd4 h5 23. Bxa6 Bh6 24. g3 Nb8 25. Bc4 g5 26. Be3 gxf4 27. Bxf4
Bxf4 28. gxf4 Kh7 29. Bd3+ Kg7 30. f5 Rg8 31. Kf2 Kf8 32. fxe6 fxe6 33. Ke3 Ke7
34. Be4 Bxe4 35. Rc7+ Rd7 36. Rxd7+ Nxd7 37. Nxe4 Nxe5 38. Rc2 Ng4+ 39. Kf3
Rf8+ 40. Kg3 e5 41. Rc7+ Ke6 42. Rxb7 Rf4 43. Ng5+ Kf5 44. Nf3 Re4 45. h3 Nf6
46. a4 Re3 47. Kf2 Kf4 48. Nd2 Rxh3 49. Rf7 Kf5 50. a5 e4 51. Nxe4 1/2-1/2

[Event "SG Bochum 1 - SF Gerresheim 1"]
[Site "Oberliga NRW 2018/2019"]
[Date "2018.12.09"]
[Round "4.6"]
[White "Backwinkel, Paul"]
[Black "Koehler, Markus"]
[Result "1-0"]
[WhiteElo "2217"]
[BlackElo "2085"]
[PlyCount "91"]
[EventDate "2018.??.??"]
[WhiteTeam "SG Bochum 1"]
[BlackTeam "SF Gerresheim 1"]

1. d4 Nf6 2. c3 g6 3. Bg5 Bg7 4. Nd2 O-O 5. e4 d6 6. Ngf3 c5 7. dxc5 dxc5 8.
Bc4 Nc6 9. O-O Bg4 10. h3 Bxf3 11. Qxf3 Ne5 12. Qe2 Nxc4 13. Nxc4 Qc7 14. Rfd1
Rfd8 15. f3 Nh5 16. Rxd8+ Rxd8 17. Rd1 Rxd1+ 18. Qxd1 h6 19. Be3 b6 20. Qd2 Kh7
21. Bf2 Qf4 22. Qxf4 Nxf4 23. a4 h5 24. Kf1 Kg8 25. Be3 Ne6 26. Ke2 Kf8 27. Na3
Nd8 28. Kd3 Nc6 29. Kc4 Ke8 30. Kb5 Kd7 31. Bf4 e5 32. Bg3 Kc7 33. Nc4 f6 34.
a5 Nxa5 35. Nxa5 bxa5 36. Bf2 a6+ 37. Kxa6 Kc6 38. Kxa5 Bh6 39. b4 Bd2 40. b5+
Kd6 41. b6 Bxc3+ 42. Ka6 Bd4 43. Bxd4 exd4 44. b7 c4 45. b8=Q+ Kc5 46. Qb5+ 1-0

[Event "SG Bochum 1 - SF Gerresheim 1"]
[Site "Oberliga NRW 2018/2019"]
[Date "2018.12.09"]
[Round "4.7"]
[White "Sapkowski, Wieslaw"]
[Black "Wuebker, Paul-Luca"]
[Result "0-1"]
[WhiteElo "2027"]
[BlackElo "2075"]
[PlyCount "56"]
[EventDate "2018.??.??"]
[WhiteTeam "SF Gerresheim 1"]
[BlackTeam "SG Bochum 1"]

1. e4 c5 2. Nf3 d6 3. d4 cxd4 4. Nxd4 Nf6 5. Nc3 g6 6. g4 Bxg4 7. f3 Bd7 8. Be3
Nc6 9. Qd2 Bg7 10. O-O-O Qa5 11. Nb3 Qh5 12. Rg1 Qxf3 13. Rg3 Qh5 14. Be2 Qxh2
15. Rdg1 Nh5 16. R3g2 Qh3 17. Nd5 Rc8 18. Bg4 Bxg4 19. Rxg4 Nf6 20. Nf4 Qf3 21.
R4g3 Qxe4 22. Re1 Nb4 23. Nd4 Nfd5 24. Nxd5 Nd3+ 25. Kb1 Nxe1 26. Nc3 Qh1 27.
Rg1 Nf3 28. Qf2 Qxg1+ 0-1

[Event "SG Bochum 1 - SF Gerresheim 1"]
[Site "Oberliga NRW 2018/2019"]
[Date "2018.12.09"]
[Round "4.8"]
[White "Biermann, Florian"]
[Black "Yilmaz, Ahmet"]
[Result "1/2-1/2"]
[WhiteElo "2046"]
[BlackElo "1844"]
[PlyCount "81"]
[EventDate "2018.??.??"]
[WhiteTeam "SG Bochum 1"]
[BlackTeam "SF Gerresheim 1"]

1. c4 d5 2. cxd5 c6 3. dxc6 Nxc6 4. Nc3 e5 5. e3 Nf6 6. a3 Be7 7. Qc2 O-O 8.
Nf3 h6 9. Be2 Be6 10. O-O Qd7 11. d4 exd4 12. Rd1 Bf5 13. Qa4 a6 14. Nxd4 b5
15. Nxc6 Qxc6 16. Qf4 Qe6 17. Bd2 Rfd8 18. Bf3 g5 19. Qc7 Rac8 20. Qb7 Bc2 21.
e4 Bxd1 22. Rxd1 Bc5 23. Nd5 Nxd5 24. exd5 Qb6 25. Qxb6 Bxb6 26. h4 Rc2 27.
hxg5 hxg5 28. Bxg5 Bxf2+ 29. Kf1 Rd6 30. Rd2 Rxd2 31. Bxd2 Bd4 32. Bb4 Rh6 33.
d6 Bxb2 34. Bb7 Be5 35. Bxa6 Bxd6 36. Bxd6 Rxd6 37. Bxb5 Rd2 38. a4 Ra2 39. Kg1
Kg7 40. Kh2 Ra3 41. Be8 1/2-1/2

[Event "SG Porz 1 - Bahn-SC Wuppertal 1"]
[Site "Oberliga NRW 2018/2019"]
[Date "2018.12.09"]
[Round "4.1"]
[White "Savchenko, Vyacheslav"]
[Black "Lutz, Christopher"]
[Result "1/2-1/2"]
[WhiteElo "2350"]
[BlackElo "2490"]
[PlyCount "32"]
[EventDate "2018.??.??"]
[WhiteTeam "Bahn-SC Wuppertal 1"]
[BlackTeam "SG Porz 1"]

1. e4 c5 2. Nf3 d6 3. d4 cxd4 4. Nxd4 Nf6 5. Nc3 a6 6. Be2 e5 7. Nb3 Be7 8. f4
b5 9. O-O Bb7 10. Bf3 Nbd7 11. Qe1 Rc8 12. a3 a5 13. Kh1 a4 14. Nd2 Qb6 15.
Ndb1 Bc6 16. Na2 Qb7 1/2-1/2